000 00812nam a22001817a 4500
005 20260123085125.0
008 230713b ||||| |||| 00| 0 eng d
040 _cSSBUL
_dSSBUL
082 _223
_a၂၉၄.၃ ဝဏ် ၁၆၀၁၇ (S-SAT)
100 _aဝဏ္ဏ၊
_cမောင်။
245 _aဒုက္ခကို မြိန်ရေရှက်ရေ ခံစားနေသော... /
_cမောင်ဝဏ္ဏ။
260 _aရန်ကုန်၊
_bပုဂံစာအုပ်တိုက်၊
_c၂၀၀၅။
300 _a၂၃၈ စာမျက်နှာ၊
_c၂၁ စင်တီ။
440 _aစာစဉ်အမှတ် (၂၈၈)။
_927872
500 _aS-SAT: Dr. Prof Sai Aung Tun
650 _aဗုဒ္ဓဘာသာ။
942 _2ddc
_cBK
999 _c27122
_d27122